Đang tải...
Text book of engineering drawing /
| Tác giả chính: | |
|---|---|
| Ngôn ngữ: | Undetermined |
| Được phát hành: |
Vikas Publishing ,
1997.
|
| Những chủ đề: |
| LEADER | 00421nam a2200133Ia 4500 | ||
|---|---|---|---|
| 001 | 152619 | ||
| 008 | 170722s9999 xx 000 0 und d | ||
| 100 | |a Mathur, S. B. | ||
| 245 | |a Text book of engineering drawing / | ||
| 260 | |b Vikas Publishing , |c 1997. | ||
| 653 | |a Engineering Drawing | ||
| 942 | |c GEN | ||
| 999 | |c 119474 |d 119474 | ||
| 952 | |0 0 |1 0 |4 0 |6 D_4_N71 |7 0 |9 169025 |a LIB |b LIB |d 2017-08-12 |o D:4 N7;1 |p 234681 |r 2017-08-12 |w 2017-08-12 |y GEN | ||